000 00316nam a2200121Ia 4500
008 240731s9999 xx 000 0 und d
022 _a1470-1278
245 0 _aTeachers and Teaching : theory and practice
260 _bRoutledge
856 _uhttps://www.tandfonline.com/loi/ctat20
942 _2ddc
942 _cTFEJ
999 _c79808
_d79808
945 _a1
_bMadushi Gamage
_c1
_dMadushi Gamage